Normal view
MARC view
- Naranjo Flores, Gabriela Begonia
Entry Nombre Personal
001 - NUMERO DE CONTROL
- campo de control: 47821
003 - IDENTIFICADOR DE NUMERO DE CONTROL
- campo de control: UPN
005 - FECHA Y HORA DE LA ÜLTIMA TRANSACCIÓN
- campo de control: 20230301095727.0
008 - DATOS DE LONGITUD FIJA
- campo de control de longitud fija: 230215|| aca||aabn | a|a d
040 ## - FUENTE DE CATALOGACIÓN
- Agencia original de catalogación: MX-MxUPN
- Lenguaje de catalogación: spa
- Agencia de transcripción: MX-MxUPN
100 1# - ENCABEZAMIENTO - NOMBRE PERSONAL
- Nombre personal: Naranjo Flores, Gabriela Begonia
400 1# - VEÁSE - NOMBRE DE PERSONA
- Personal name: Flores, Gabriela Begonia Naranjo
670 ## - FUENTE EN LA QUE SE LOCALIZARON DATOS
- Cita de la fuente: En la obra: ¡Hagamos comunidad! : estrategias de apoyo pedagógico para la educación media superior, 2022:
- Información localizada: reverso de la portada (Gabriela Begonia Naranjo Flores)
902 ## - CATALOGADOR
- Catalogador: NDAF/010323
